Pokémon - Les attaques de Galopa de Galar - Statistiques

Statistiques générales
  • Ce quiz a été pris 12 fois
  • Le résultat moyen est 14 sur 16
Statistiques - réponses
Niveaux Types Noms des attaques % Correct
Niveau 43 Normal Bélier
100%
Départ Normal Charge
100%
Départ Psy Choc Mental
100%
Départ Évolution Psy Coupe Psycho
100%
Niveau 49 Fée Éclat Magique
100%
Niveau 30 Normal Écrasement
100%
Niveau 56 Psy Psyko
100%
Départ Normal Rugissement
100%
Départ Normal Vive-Attaque
100%
Niveau 20 Psy Hâte
80%
Départ Insecte Mégacorne
80%
Départ Normal Mimi-Queue
80%
Niveau 25 Psy Rafale Psy
80%
Niveau 15 Fée Vent Féérique
80%
Niveau 63 Psy Vœu Soin
80%
Niveau 35 Psy Vibra Soin
60%
Aucun quiz correspondant
Distribution des résultats
% des personnes avec chaque résultat
Percentile par nombre de réponses
Votre historique - résultats
Vous n’avez pas pris ce quiz